[Event "DOM-chT"]
[Site "Santiago de los Caballeros"]
[Date "2017.08.20"]
[Round "6.3"]
[White "Castillo Ortiz, Nelson Javier"]
[Black "Gil Lauriano, Saury"]
[Result "0-1"]
[WhiteElo "2014"]
[BlackElo "1879"]
[PlyCount "61"]
[EventDate "2017.08.17"]
[EventType "team-swiss"]
[EventRounds "6"]
[EventCountry "DOM"]
[SourceTitle "EXT 2019"]
[Source "ChessBase"]
[SourceDate "2018.10.10"]
[SourceVersion "1"]
[SourceVersionDate "2018.10.10"]
[SourceQuality "1"]
[WhiteTeam "Juan Sanchez Ramirez"]
[BlackTeam "Hato Mayor"]
[WhiteTeamCountry "DOM"]
[BlackTeamCountry "DOM"]

1. d4 Nf6 2. Nf3 g6 3. g3 Bg7 4. Bg2 0-0 5. 0-0 d5 6. c4 e6 7. Nc3 Nc6 8. Bg5 dxc4 9. Qa4 h6 10. Bxf6 Bxf6 11. Rfd1 Ne7 12. e4 c6 13. Qxc4 b5 14. Qb3 Bb7 15. a4 a6 16. Rac1 Bg7 17. e5 Rb8 18. Ne4 Ba8 19. Nc5 bxa4 20. Qxa4 Rxb2 21. Nd2 Nd5 22. Nc4 Nb6 23. Nxb6 Rxb6 24. Nxa6 Qe7 25. Nc5 Rfb8 26. Rc4 Qd8 27. Rdc1 Bf8 28. Nd3 Rb3 29. R4c3 R3b6 30. Bxc6 Rxc6 31. Rxc6 0-1

[Event "DOM-ch"]
[Site "Santo Domingo"]
[Date "2015.05.09"]
[Round "7"]
[White "Munoz Santana, Jose Lisandro"]
[Black "Castillo Ortiz, Nelson Javier"]
[Result "1-0"]
[WhiteElo "2439"]
[BlackElo "2028"]
[PlyCount "71"]
[EventDate "2015.05.01"]
[EventType "swiss"]
[EventRounds "11"]
[EventCountry "DOM"]
[SourceTitle "CBM 166 Extra"]
[Source "ChessBase"]
[SourceDate "2015.06.18"]
[SourceVersion "1"]
[SourceVersionDate "2015.06.18"]
[SourceQuality "1"]

1. e4 d6 2. d4 Nf6 3. Nc3 Nbd7 4. f4 e5 5. Nf3 exd4 6. Qxd4 c6 7. Be3 d5 8. e5 Bc5 9. Qd2 Ne4 10. Nxe4 dxe4 11. Nd4 Nb6 12. c4 0-0 13. 0-0-0 Bg4 14. Be2 Bxd4 15. Bxd4 Bxe2 16. Qxe2 Qe7 17. b3 f5 18. exf6 Rxf6 19. Bxf6 Qxf6 20. Kb1 Qxf4 21. Rd4 Re8 22. Re1 Qxh2 23. Rxe4 Rf8 24. Re8 Qf4 25. Qe6+ Kh8 26. Rxf8+ Qxf8 27. Qe8 Kg8 28. Re7 Nc8 29. Qxf8+ Kxf8 30. Rxb7 Nd6 31. Rxa7 Ne4 32. a4 h5 33. a5 h4 34. a6 Nd2+ 35. Kc2 Nf3 36. gxf3 1-0

[Event "Santo Domingo op U2100"]
[Site "Santo Domingo"]
[Date "2015.02.06"]
[Round "1"]
[White "Jimenez Jimenez, Leandro"]
[Black "Castillo Ortiz, Nelson Javier"]
[Result "0-1"]
[WhiteElo "1633"]
[BlackElo "2019"]
[PlyCount "62"]
[EventDate "2015.02.06"]
[EventType "swiss"]
[EventRounds "8"]
[EventCountry "DOM"]
[SourceTitle "CBM 164 Extra"]
[Source "ChessBase"]
[SourceDate "2015.03.02"]
[SourceVersion "1"]
[SourceVersionDate "2015.03.02"]
[SourceQuality "1"]

1. d4 Nf6 2. c4 c5 3. d5 e6 4. Nc3 exd5 5. cxd5 Bd6 6. Nf3 0-0 7. e4 Re8 8. Nd2 Be5 9. Bd3 Bxc3 10. bxc3 Nxd5 11. 0-0 Nc7 12. Bb2 d5 13. f4 Nc6 14. f5 Ne5 15. Bc2 b5 16. f6 g6 17. Qe1 Rb8 18. Qh4 Qd6 19. exd5 Nxd5 20. c4 Ne3 21. Qh6 Qf8 22. Qxe3 Nxc4 23. Qc3 Re3 24. Bd3 Nxb2 25. Qxb2 Rxd3 26. Qc2 Qd6 27. Rfe1 Bf5 28. Ne4 Qd4+ 29. Nf2 Rd2 30. Qxd2 Qxd2 31. Rad1 Qc3 0-1